=LDR 00000nam 2200000 4500 =001 INLIS000000000001303 =005 20200921081859 =035 ##$$a 0010-061300000001303 =008 200921################g##########0#ind## =041 ##$$a Ind =082 ##$$a 304.209 598 7 =090 ##$$a 304.209 598 7, Kea-k =245 ##$$a Kearifan tradisional masyarakat pedesaan dalam pemeliharaan lingkungan hidup Daerah Maluku /$c Dra. Ny. F. Sahusilawane, dkk =260 ##$$a Ambon,$c 1998 =300 ##$$a iii, 74 hlm, : $b ilus. ; $c 21 x 15 cm. =650 #4$$a Ekologi Manusia - Maluku =700 #$$a SAHUSILAWANE, F. Nyonya =850 ##$$a NBPNMAT =084 ##$$a 304.209 598 7 KEA k =990 ##$$a 125.521/Hd-98 =990 ##$$a 125.522/Hd-98 =990 ##$$a 01201900931